Der Unrat in Sitte, Brauch, Glauben und Gewohnheitrecht der Völker
| Authors: | ; |
|---|---|
| Format: | Electronic Book |
| Language: | German |
| Check availability: | HBZ Gateway |
| WorldCat: | WorldCat |
| Interlibrary Loan: | Interlibrary Loan for the Fachinformationsdienste (Specialized Information Services in Germany) |
| Published: |
Leipzig
Ethnolog. Verl.
1913
|
| In: |
Beiwerke zum Studium der Anthropophyteia (6)
Year: 1913 |
| Series/Journal: | Beiwerke zum Studium der Anthropophyteia
6 |
| Standardized Subjects / Keyword chains: | B
Feces
/ Custom
|
| Online Access: |
Volltext (Digitalisierung) Volltext (kostenfrei) |
| Rights Information: | PDM 1.0 |
| Parallel Edition: | Non-electronic
|
MARC
| LEADER | 00000cam a22000002c 4500 | ||
|---|---|---|---|
| 001 | 1657862402 | ||
| 003 | DE-627 | ||
| 005 | 20251225212812.0 | ||
| 007 | cr uuu---uuuuu | ||
| 008 | 181213s1913 xx |||||o 00| ||ger c | ||
| 024 | 7 | |a urn:nbn:de:bsz:15-0011-189629 |2 urn | |
| 035 | |a (DE-627)1657862402 | ||
| 035 | |a (DE-576)515223778 | ||
| 035 | |a (DE-599)BSZ515223778 | ||
| 035 | |a (OCoLC)1080931735 | ||
| 035 | |a (OCoLC)1080931735 | ||
| 040 | |a DE-627 |b ger |c DE-627 |e rakwb | ||
| 041 | |a ger | ||
| 082 | 0 | |a 392 | |
| 084 | |a 1 |2 ssgn | ||
| 084 | |a BE 2560 |2 rvk |0 (DE-625)rvk/10528: | ||
| 084 | |a LB 57000 |2 rvk |0 (DE-625)rvk/90573:772 | ||
| 084 | |a LB 58000 |2 rvk |0 (DE-625)rvk/90575:772 | ||
| 100 | 1 | |0 (DE-588)104304332 |0 (DE-627)135448875 |0 (DE-576)168825511 |4 aut |a Bourke, John Gregory |d 1843-1896 | |
| 109 | |a Bourke, John Gregory 1843-1896 |a Bourke, John G. 1843-1896 |a Gregory Bourke, John 1843-1896 | ||
| 240 | 1 | 0 | |a Scatologic rites of all nations <dt.> |
| 245 | 1 | 4 | |a Der Unrat in Sitte, Brauch, Glauben und Gewohnheitrecht der Völker |c von John Gregory Bourke. Verdeutscht u. neubearb. von Friedrich S. Krauss ... Mit e. Geleitw. von Sigmund Freud. Mit Bourkes Bildn. |
| 246 | 3 | 0 | |a Gewohnheitsrecht |
| 264 | 1 | |a Leipzig |b Ethnolog. Verl. |c 1913 | |
| 300 | |a XV, 600 S. | ||
| 336 | |a Text |b txt |2 rdacontent | ||
| 337 | |a Computermedien |b c |2 rdamedia | ||
| 338 | |a Online-Ressource |b cr |2 rdacarrier | ||
| 490 | 1 | |a Beiwerke zum Studium der Anthropophyteia |v 6 | |
| 506 | 0 | |q DE-15 |a Open Access |e Controlled Vocabulary for Access Rights |u http://purl.org/coar/access_right/c_abf2 | |
| 533 | |a Online-Ausg. |b Leipzig |c UBL |d 2018 |e Online-Ressource |7 |2018|||||||||| | ||
| 535 | 1 | |a UB Leipzig | |
| 540 | |q DE-15 |a Public Domain Mark 1.0 |f PDM 1.0 |2 cc |u https://creativecommons.org/publicdomain/mark/1.0/ | ||
| 583 | 1 | |a Archivierung/Langzeitarchivierung gewährleistet |x XA-DE-SN |2 pdager |5 DE-15 | |
| 689 | 0 | 0 | |d s |0 (DE-588)4288525-5 |0 (DE-627)104281235 |0 (DE-576)210823453 |2 gnd |a Exkrement |
| 689 | 0 | 1 | |d s |0 (DE-588)4008017-1 |0 (DE-627)106370308 |0 (DE-576)208873813 |2 gnd |a Brauch |
| 689 | 0 | |5 (DE-627) | |
| 700 | 1 | |e Bearb. |0 (DE-588)118927663 |0 (DE-627)133815463 |0 (DE-576)161820662 |4 adp |a Krauss, Friedrich S. |d 1859-1938 | |
| 700 | 1 | 2 | |a Bourke, John Gregory |d 1843-1896 |t Scatologic rites of all nations <dt.> |
| 776 | 0 | 8 | |i Erscheint auch als |n Druck-Ausgabe |a Bourke, John Gregory, 1843 - 1896 |t Der Unrat in Sitte, Brauch, Glauben und Gewohnheitrecht der Völker |d Leipzig : Ethnologischer Verl., 1913 |h XV, 600 S. |w (DE-627)1142590623 |w (DE-576)072590629 |k Non-Electronic |
| 830 | 0 | |a Beiwerke zum Studium der Anthropophyteia |v 6 |9 6 |w (DE-627)683369202 |w (DE-576)515599875 |w (DE-600)2645847-0 |7 am | |
| 856 | 4 | 0 | |u http://nbn-resolving.org/urn:nbn:de:bsz:15-0011-189629 |x Digitalisierung |y Online-Zugriff |z kostenfrei |3 Volltext |7 0 |
| 856 | 4 | 0 | |u https://iiif.ub.uni-leipzig.de/0000009743/manifest.json |x Digitalisierung |y IIIF-Manifest |3 Volltext |7 1 |
| 912 | |a ZDB-175-LEV | ||
| 935 | |a mteo | ||
| 936 | r | v | |a BE 2560 |b Allgemeines |k Theologie und Religionswissenschaften |k Religionswissenschaft |k Systematische Religionswissenschaft |k Religionsphänomenologie |k Religiöses Leben und Praktiken |k Hexerei, Magie |k Allgemeines |0 (DE-627)1270709321 |0 (DE-625)rvk/10528: |0 (DE-576)200709321 |
| 936 | r | v | |a LB 57000 |b Darstellung ohne geografischen Bezug |k Sozial- und Kulturanthropologie. Empirische Kulturwissenschaft |k Soziale und politische Organisation und Praxis |k Kulturkontakt, Reisen, Tourismus |k Darstellung ohne geografischen Bezug |0 (DE-627)1398851337 |0 (DE-625)rvk/90573:772 |0 (DE-576)328851337 |
| 936 | r | v | |a LB 58000 |b Darstellung ohne geografischen Bezug |k Sozial- und Kulturanthropologie. Empirische Kulturwissenschaft |k Rituale und Bräuche |k Rituale und Bräuche allgemein, Ritualtheorie |k Darstellung ohne geografischen Bezug |0 (DE-627)1271141507 |0 (DE-625)rvk/90575:772 |0 (DE-576)201141507 |
| 951 | |a BO | ||
| ELC | |a 1 | ||
| OAS | |a 1 | ||
| ORI | |a SA-MARC-ixtheo_oa001.raw | ||
| REL | |a 1 | ||
| STA | 0 | 0 | |a Custom,Customs,Traditions,Custom,Folklore,Religious custom,Feces |
| STB | 0 | 0 | |a Excrément,Us et coutumes,Us et coutumes |
| STC | 0 | 0 | |a Excremento,Tradiciones y costumbres,Tradiciones y costumbres |
| STD | 0 | 0 | |a Escrementi,Usi e costumi <motivo>,Usi e costumi,Usanza,Usanza,Usanza (motivo),Usanza |
| STE | 0 | 0 | |a 风俗,传统,习俗 |
| STF | 0 | 0 | |a 風俗,傳統,習俗 |
| STG | 0 | 0 | |a Excremento,Tradições e costumes,Tradições e costumes |
| STH | 0 | 0 | |a Народные обычаи (мотив),Народные обычаи,Экскремент |
| STI | 0 | 0 | |a Ήθη και έθιμα (μοτίβο),Ήθη και έθιμα,Περιττώματα |
| SUB | |a REL | ||
| SYG | 0 | 0 | |a Brauchtum,Volksbrauch,Bräuche,Volksbrauchtum,Volksbräuche |



